| 000 | 01031nmc a2200349 a 4500 | ||
|---|---|---|---|
| 003 | AR-BaBNM | ||
| 005 | 20251128203256.0 | ||
| 008 | 240020s1969 ||||||||||||||000 | spa|| | ||
| 040 | _cAR-BaBNM | ||
| 100 | 1 | _aWeber, Evelyn | |
| 245 | 1 | 0 |
_aThe kindergarten _bits encounter with educational thought in America |
| 260 |
_aNew York _bTeachers College Press _c1969 |
||
| 300 | 0 | _a282 p. | |
| 490 | 0 | _aEarly chilhood education series | |
| 500 | 0 | _aContiene referencias bibliográficas e índices | |
| 650 | 4 | _aREFORMA DE LA EDUCACION | |
| 650 | 4 | _aPROGRAMAS DE EDUCACION | |
| 650 | 4 | _aPSICOLOGIA DE LA EDUCACION | |
| 650 | 4 | _aCONDUCTISMO | |
| 650 | 4 | _aCURRICULO | |
| 650 | 4 | _aTEORIAS DE LA EDUCACION | |
| 650 | 4 | _aHISTORIA DE LA EDUCACION | |
| 651 | 4 | _aEstados Unidos | |
| 653 | 0 | _aEDUCACION INICIAL | |
| 653 | 0 | _aINNOVACIONES EDUCATIVAS | |
| 653 | 0 | _aMETODO MONTESSORI | |
| 653 | 0 | _aINVESTIGACION EDUCATIVA | |
| 653 | 0 | _aESCUELA NUEVA | |
| 800 | 1 |
_aWann, Kenneth _eeditor |
|
| 942 | _cBK | ||
| 998 | _cRaquel | ||
| 999 |
_c2673 _d2673 |
||